Régime britannique droit Constitutionnel - Statistiques

Statistiques générales
  • Ce quiz a été pris 35 fois
  • Le résultat moyen est 1 sur 56
Statistiques - réponses
Hint Réponse % Correct
Nature de la Constitution coutumière
89%
18ème siècle : quel sorte de régime apparait ? régime parlementaire
14%
Le roi dissout quelle chambre ? commune
11%
Le roi est exécuté en ? 1649
7%
Un homme prend la tête des ministres de 1721 jusqu'en 1742 Robert Walpole
7%
Concerne principalement quelle fonction ? fonction législative
4%
Pas de Constitution écrite = pas de fonction constituante
4%
Début balance des pouvoirs = Grande Charte 15 juin 1215 Jean Sans Terre après Bataille de Bouvines juillet 1214
0%
1ère révolution 1629 conflit entre Charles 1er et le parlement : il décide de ne plus les chambres
0%
2 révolutions anglaises 1640 et 1688
0%
2ème révolution 1668
0%
De quoi est-il composé ? 1 organe législatif (bicaméral) et 1 organe exécutif (roi et gouvernement)
0%
Comment cette fonction est-elle répartie ? 1 organe législatif (bicaméral) et un organe exécutif (roi)
0%
1295 avec Edouard Ier acceptation d'une représentation : les lords (aristocrates) et les bourgs
0%
2 phénomènes apparaissent : affaiblissement chambre des lords et installation durable d'un bipartisme
0%
Quel est le leader du parti Tory ? Benjamin Disraeli
0%
1639 guerre Écosse besoin d'une armée donc réunit Parlement qui n'est pas d'accord avec la politique du roi
0%
1252 avec Henri III commission de 24 membres dont moitié aristocrates qui doivent être consultés en matière fiscale
0%
Qui est à la tête de l'aristocratie ? Cromwell
0%
Contenu Magna Carta déclaration des droits + accord des barons pour monter ou modifier un impôt
0%
Que demande -t-il au roi ? de dissoudre la chambre des communes pour provoquer une nouvelle élection
0%
Qu'est ce que le gouvernement peut faire ? demander la dissolution de l'organe législatif ou d'une partie
0%
Devient roi d'Angleterre et transpose organisation féodale donne des terres aux aristocrates
0%
Quelles compétences détient le 2e organe ? droit de véto + s'il valide le texte, ça devient une loi
0%
Conséquences constit : équilibre des pouvoirs
0%
Roi abdique, qui le parlement décide d'appeler ? fille de Jacques II, Marie et son mari Guillaume d'Orange
0%
1782 : qui est renversé par la majorité ? Frédérick North et l'ensemble de son gouvernement
0%
Suite à sa désire autoritaire, qui le renverse? général Mon avec soutien du parlement.
0%
A la mort de la reine Anne : pas descendants, Parlement choisit : Georges Hanovre (allemand) mais il ne parle pas anglais et ne connais pas les institutions anglaises
0%
Il n'a commit aucune crime, ni délit, alors pourquoi doit-il démissionner ? il a perdu la majorité au gouvernement
0%
Jacques II succède en 1685 mais il y a un problème : il se convertit au catholicisme alors que ça doit être le chef de l'Église anglicane (protestante)
0%
Mécanisme repose sur 2 caractéristiques : indépendance des deux organes + collaborateurs des 2 organes dans la fonction législative
0%
Après défaite = dette + sanction Jean Sans Terre veut faire payer les barons qui refusent et se révoltent
0%
Qu'elle en est la conséquence ? la mise en place d'une république
0%
Quels aspects institutionnels sont mis en avant ? la responsabilité civile et le droit de dissolution
0%
Que se passe t-il en 1681 ? le roi décide de ne plus rassembler le parlement : nouveau conflit
0%
Retour au pouvoir des Stuart; jusqu'en 1681... le roi travaille avec la parlement : gestion respectueuse des pouvoirs
0%
Parlement veut donc augmenter ses pouvoirs : les ministres deviennent les principaux acteurs de l'organe exécutif
0%
Qu'est ce qui déclenche une gu civile ? les parlementaires rassemblent une armée et combattent le roi
0%
Que cela entraine-t-il ? limiter le pouvoir royal et imposant une collaboration avec la parlement
0%
Qu'est ce que cette majorité veut invoquer ? l'impeachment pour mettre en cause sa responsabilité pénale
0%
1332 2 chambres (= 1 Ppolitq) qui collaborent Lords (aristocrates) et le bourg (commune)
0%
Qu'est ce que l'organe législatif peut faire ? mettre en cause la responsabilité politique du gouvernement et demander sa démission
0%
A-t-il le soutien des chambres ? Non mais il pense avoir le soutien des électeurs
0%
Principe dure t-il longtemps ? non mais principe va être repris 3 fois
0%
Conséquence ? nouveau schéma constitutionnel
0%
Quels sont les 2 grands partis au 19ème siècle ? parti Tory (conservateur) et parti Whig (libéral)
0%
1ère séparation des pouvoirs réparation des pouvoirs entre le roi et l'aristocratie
0%
Conséquences? Retour monarchie avec le fils de Charles Ier, Charles II en 1660
0%
Que doivent-ils faire ? signer le Bill of Rights : 13 février 1689
0%
1694 : mort Marie Guillaume reste au pouvoir et à sa mort ... soeur de Marie, Anne règne jusque 1715
0%
Peu duré et cela a donné naissance à ... une nouvelle forme de séparation des pouvoirs
0%
Début concentration pouvoirs aux mains du roi victoire Guillaume le Conquérant 1066 Hastings
0%
que se passe -t-il en 1742? Walepole est en désaccord avec la majorité du parlement
0%
Qui est son successeur ? Wiliam Pitt
0%
Quel est le leader du parti Whig ? William Gladstone
0%
Aucun quiz correspondant
Distribution des résultats
% des personnes avec chaque résultat
Percentile par nombre de réponses
Votre historique - résultats
Vous n’avez pas pris ce quiz